[Event "Championnat de Paris Open A"]
[Site "Paris"]
[Date "2012.07.09"]
[Round "3.40"]
[White "Guiot, Jerome"]
[Black "Mathieu, Romaric"]
[Result "1-0"]
[WhiteElo "2110"]
[BlackElo "1997"]
[PlyCount "113"]
[EventDate "2012.??.??"]

1. f4 g6 2. Nf3 Bg7 3. e4 c5 4. Nc3 Nc6 5. Bb5 Nd4 6. O-O e6 7. a4 Ne7 8. d3
O-O 9. Bc4 d5 10. Ba2 a6 11. Kh1 Rb8 12. f5 dxe4 13. Nxe4 Nexf5 14. Bf4 Ra8 15.
Nxc5 Qa5 16. Nxd4 Nxd4 17. Ne4 Nf5 18. c3 b5 19. Nd6 b4 20. Nc4 Qd8 21. Qf3 Bd7
22. cxb4 Bxa4 23. Qf2 Qxd3 24. Be5 Bxe5 25. Nxe5 Qe3 26. Nc4 Qxf2 27. Rxf2 Bb5
28. Ne5 Rad8 29. Bc4 Bxc4 30. Nxc4 Rd4 31. Ne5 Rxb4 32. Rxa6 Rd8 33. Ra1 Rd5
34. Nf3 Rdb5 35. Ra8+ Kg7 36. Ra2 h6 37. h3 Ng3+ 38. Kh2 Ne4 39. Rc2 Nd6 40.
Ne1 Rb3 41. Rf2 Nc4 42. Ra7 Rb7 43. Rxb7 Rxb7 44. Nd3 Rb3 45. Rc2 Ne3 46. Rc3
Rxc3 47. bxc3 Kf6 48. Kg3 Nc4 49. Kf4 Nd6 50. g4 Nc4 51. h4 Ke7 52. g5 h5 53.
Ne5 Nd6 54. c4 Nb7 55. Ke4 Kd6 56. Nxf7+ Kc5 57. Ke5 1-0

[Event "Championnat de Paris Open A"]
[Site "Paris"]
[Date "2012.07.09"]
[Round "3.41"]
[White "Mircescu, Ovidiu"]
[Black "Baudon, Sebastien"]
[Result "0-1"]
[WhiteElo "2106"]
[BlackElo "1993"]
[PlyCount "116"]
[EventDate "2012.??.??"]

1. e4 c5 2. Nf3 Nc6 3. Nc3 e5 4. Bc4 Be7 5. Nd5 Nf6 6. Nxe7 Qxe7 7. d3 d6 8. c3
h6 9. O-O Bg4 10. h3 Bh5 11. Qe2 O-O-O 12. g4 Bg6 13. b4 cxb4 14. cxb4 Qd7 15.
Kh2 Rhe8 16. Qb2 Qc7 17. Nh4 d5 18. exd5 Nxd5 19. Nxg6 fxg6 20. Bxd5 Rxd5 21.
Be3 e4+ 22. Kh1 exd3 23. b5 Qe5 24. Qxe5 Nxe5 25. a4 Kb8 26. Rfd1 g5 27. Rac1
b6 28. Kg2 Rc8 29. Rxc8+ Kxc8 30. f4 gxf4 31. Bxf4 Nd7 32. Kf3 Nc5 33. Ke3 Nxa4
34. Rxd3 Rxb5 35. Rd6 Rb3+ 36. Kd4 Nc5 37. Rc6+ Kd8 38. Kc4 Rxh3 39. Rg6 Ra3
40. Be5 Ra4+ 41. Kd5 Nd3 42. Bd6 Ra5+ 43. Kd4 Nf2 44. Bf4 Ra4+ 45. Ke3 Nh3 46.
Be5 Ng5 47. Bxg7 Nf7 48. Bd4 Ra5 49. Ke4 Kd7 50. Be3 Re5+ 51. Kd4 Re6 52. Rg8
Kc6 53. Rc8+ Kb7 54. Rf8 Nd6 55. Rh8 Re4+ 56. Kd3 Rxg4 57. Rxh6 Nf5 58. Rh7+
Rg7 0-1

[Event "Championnat de Paris Open A"]
[Site "Paris"]
[Date "2012.07.09"]
[Round "3.42"]
[White "Mousa, Medhat"]
[Black "Szylar, Eric"]
[Result "0-1"]
[WhiteElo "1973"]
[BlackElo "2105"]
[PlyCount "60"]
[EventDate "2012.??.??"]

1. d4 Nf6 2. c4 g6 3. Nc3 d5 4. Nf3 Bg7 5. Qb3 dxc4 6. Qxc4 a6 7. e4 b5 8. Qb3
Bb7 9. Qc2 O-O 10. Be2 b4 11. e5 bxc3 12. exf6 Bxf6 13. bxc3 c5 14. Be3 cxd4
15. cxd4 Nc6 16. Rd1 Qa5+ 17. Qd2 Rfd8 18. O-O e6 19. Qb2 Rd7 20. Rb1 Rad8 21.
Rfd1 Kg7 22. Qb3 Ne7 23. Ne5 Bxe5 24. dxe5 Qxe5 25. Re1 Nf5 26. Bb6 Nd4 27. Qa4
Nxe2+ 28. Rxe2 Qxe2 29. Bxd8 Rxd8 30. h3 Qe4 0-1

[Event "Championnat de Paris Open A"]
[Site "Paris"]
[Date "2012.07.09"]
[Round "3.43"]
[White "Leuly, Max"]
[Black "Gailliegue, Florian"]
[Result "0-1"]
[WhiteElo "2100"]
[BlackElo "1984"]
[PlyCount "74"]
[EventDate "2012.??.??"]

1. d4 d6 2. Nf3 Bg4 3. g3 Bxf3 4. exf3 e6 5. Bg2 d5 6. O-O Nd7 7. f4 Ne7 8. Nd2
g6 9. Nf3 Bg7 10. c3 O-O 11. Re1 c5 12. dxc5 Nxc5 13. Be3 Ne4 14. Bd4 Nf6 15.
Qb3 b6 16. Bf1 Nc6 17. Rad1 Qc8 18. Qa4 Nxd4 19. Nxd4 a6 20. c4 dxc4 21. Qxc4
Qxc4 22. Bxc4 b5 23. Bf1 Rac8 24. a4 bxa4 25. Bxa6 Rb8 26. Rd2 Nd5 27. Bc4 Ne7
28. Red1 Rb4 29. Bf1 Rfb8 30. Bg2 Rxb2 31. Rxb2 Rxb2 32. Nc6 Nxc6 33. Bxc6 a3
34. Rd8+ Bf8 35. Ra8 a2 36. Kg2 Kg7 37. Be4 Bc5 0-1

[Event "Championnat de Paris Open A"]
[Site "Paris"]
[Date "2012.07.09"]
[Round "3.44"]
[White "Bilquez, Romain"]
[Black "Sauvetre, Alain"]
[Result "1-0"]
[WhiteElo "2092"]
[BlackElo "1976"]
[PlyCount "71"]
[EventDate "2012.??.??"]

1. e4 e6 2. d4 d5 3. Nc3 dxe4 4. Nxe4 Nf6 5. Nxf6+ Qxf6 6. Bd3 Nc6 7. Nf3 h6 8.
O-O Bd6 9. c3 O-O 10. Qe2 e5 11. Qe4 g6 12. dxe5 Nxe5 13. Nxe5 Bxe5 14. Qe3 Qd6
15. f4 Bg7 16. Rd1 Bf5 17. Be2 Qf6 18. Qf2 Rfe8 19. Bf1 Qe6 20. Bd2 Bf8 21. Re1
Qc6 22. Kh1 Bc5 23. Qh4 h5 24. Rxe8+ Rxe8 25. Re1 Rxe1 26. Qxe1 Qe4 27. h3 Qd5
28. Kh2 Qxa2 29. Qe8+ Kg7 30. Qe5+ Kg8 31. Qxc5 Qxb2 32. Be3 Qb6 33. Qe5 Qc6
34. Bd4 f6 35. Qe7 Qd6 36. Bc4+ 1-0

[Event "Championnat de Paris Open A"]
[Site "Paris"]
[Date "2012.07.09"]
[Round "3.45"]
[White "Bouton, Christophe"]
[Black "Bensaid, Alexandre"]
[Result "1-0"]
[WhiteElo "2092"]
[BlackElo "1974"]
[PlyCount "51"]
[EventDate "2012.??.??"]

1. d4 Nf6 2. Nf3 c5 3. e3 g6 4. d5 e6 5. Nc3 d6 6. Bb5+ Nbd7 7. dxe6 fxe6 8. e4
a6 9. Bxd7+ Nxd7 10. a4 Be7 11. Bh6 Qb6 12. O-O Qxb2 13. Bg7 Bf6 14. Bxh8 Bxh8
15. Qxd6 Qxc3 16. Qxe6+ Kd8 17. Rad1 Qg7 18. Rd3 b5 19. Qb6+ Ke8 20. Qc6 Rb8
21. Rfd1 Qf6 22. Rd6 Qd8 23. Qd5 Kf8 24. Ng5 Qe7 25. Ne6+ Ke8 26. Nxc5 1-0

[Event "Championnat de Paris Open A"]
[Site "Paris"]
[Date "2012.07.09"]
[Round "3.46"]
[White "Le Ray, Olivier"]
[Black "Santos Filho, Tadeu Sousa"]
[Result "0-1"]
[WhiteElo "1951"]
[BlackElo "2090"]
[PlyCount "100"]
[EventDate "2012.??.??"]

1. e4 c5 2. Nf3 d6 3. d4 cxd4 4. Nxd4 Nf6 5. Nc3 g6 6. Be3 Bg7 7. f3 Nc6 8. Qd2
Bd7 9. g4 Rc8 10. Be2 Ne5 11. Bh6 Bxh6 12. Qxh6 a6 13. h4 Nc4 14. Bxc4 Rxc4 15.
O-O-O Qa5 16. Nb3 Qe5 17. Nd5 Nxd5 18. exd5 Qf4+ 19. Qxf4 Rxf4 20. Nd4 h5 21.
g5 {=} 21... e6 22. dxe6 fxe6 23. Ne2 Rxf3 24. Rxd6 Ke7 25. Rhd1 Bc8 26. R6d4
Rhf8 27. Nc3 Rf1 28. Re4 Rxd1+ 29. Kxd1 Kd6 30. Rd4+ Kc5 31. Ne2 e5 32. b4+ Kc6
33. Re4 Kd6 34. c4 Rf1+ 35. Kd2 Bf5 36. c5+ Ke6 37. Re3 Rh1 38. Nf4+ Kf7 39.
Rxe5 Rxh4 40. Nd5 Be6 41. Kc3 Rh3+ 42. Kb2 Rh2+ 43. Ka3 Rd2 44. Nc3 h4 45. Re4
h3 46. Rh4 Kg7 47. b5 axb5 48. Nxb5 h2 49. Nc7 Rd3+ 50. Kb2 Bh3 0-1

[Event "Championnat de Paris Open A"]
[Site "Paris"]
[Date "2012.07.09"]
[Round "3.47"]
[White "Raimbault, Pierre"]
[Black "Levesque, Thomas"]
[Result "1-0"]
[WhiteElo "1944"]
[BlackElo "2086"]
[PlyCount "93"]
[EventDate "2012.??.??"]

1. d4 f5 2. c4 Nf6 3. Nc3 e6 4. f3 Bb4 5. Bd2 c6 6. a3 Bxc3 7. Bxc3 d5 8. e3
O-O 9. Nh3 Nbd7 10. Bd3 dxc4 11. Bxc4 Nd5 12. Bd2 Qh4+ 13. Nf2 N7b6 14. g3 Qf6
15. Ba2 Kh8 16. Nd3 Nd7 17. O-O b6 18. Nb4 Bb7 19. Qa4 b5 20. Qc2 a5 21. Nd3
Rfc8 22. b4 axb4 23. axb4 Ra3 24. Bb3 Rca8 25. Qb2 Rxa1 26. Rxa1 Ba6 27. e4
N5b6 28. Bc3 Qf7 29. Nc5 Nxc5 30. dxc5 Nc4 31. Qf2 e5 32. exf5 Qxf5 33. Bc2 Qh5
34. Be4 Qh6 35. Rd1 Rf8 36. Rd7 Bc8 37. Rc7 Bh3 38. Qe1 Qg5 39. Bxc6 Qd8 40.
Ra7 Qb8 41. Re7 Qd8 42. Ra7 Qb8 43. Ra8 Qxa8 44. Bxa8 Rxa8 45. Bxe5 Ra2 46. Bc3
h6 47. Qe7 1-0

[Event "Championnat de Paris Open A"]
[Site "Paris"]
[Date "2012.07.09"]
[Round "3.48"]
[White "Ben Khelifa, Noomene"]
[Black "Sowa, Marcin"]
[Result "1-0"]
[WhiteElo "2081"]
[BlackElo "1974"]
[PlyCount "69"]
[EventDate "2012.??.??"]

1. d4 Nf6 2. c4 g6 3. Nc3 Bg7 4. e4 d6 5. h3 O-O 6. Bg5 Nbd7 7. Nf3 c5 8. d5
Qa5 9. Nd2 a6 10. Be2 Rb8 11. a4 Re8 12. O-O h6 13. Be3 Nf8 14. f4 e6 15. e5
dxe5 16. fxe5 N6d7 17. Nde4 Bxe5 18. Bxh6 Bd4+ 19. Kh1 exd5 20. Nd6 Bxc3 21.
Nxe8 Be5 22. Qxd5 Ne6 23. Bd3 Bxb2 24. Bxg6 Ne5 25. Rab1 Bd4 26. Nf6+ Kh8 27.
Bc2 Qc3 28. Qe4 Ng6 29. Rbc1 Qg3 30. Ng4 Bd7 31. Rf3 Qd6 32. Rxf7 Bc6 33. Rh7+
Kg8 34. Qxg6+ Bg7 35. Rxg7+ 1-0

[Event "Championnat de Paris Open A"]
[Site "Paris"]
[Date "2012.07.09"]
[Round "3.49"]
[White "Andersen, Rune Egede"]
[Black "Jego, Eric"]
[Result "0-1"]
[WhiteElo "2076"]
[BlackElo "1951"]
[PlyCount "78"]
[EventDate "2012.??.??"]

1. e4 e6 2. d4 d5 3. e5 c5 4. c3 Nc6 5. Nf3 Bd7 6. Be2 Nge7 7. Na3 cxd4 8. cxd4
Qb6 9. O-O Nf5 10. Nc2 Be7 11. Kh1 Rc8 12. g4 Nh4 13. Nxh4 Bxh4 14. f4 Be7 15.
Rf3 Na5 16. Rc3 O-O 17. Rh3 Bb5 18. Bf3 Rc7 19. b3 Rfc8 20. Ne3 Bb4 21. Rb1 Rc3
22. a4 Bd3 23. Bd2 Bxb1 24. Bxc3 Rxc3 25. Bxd5 exd5 26. Qxb1 g6 27. Nxd5 Qc6
28. Qe4 Rxh3 29. Nf6+ Kg7 30. d5 Qc3 31. d6 Qf3+ 32. Qxf3 Rxf3 33. Nd5 Rxb3 34.
f5 gxf5 35. gxf5 Nc6 36. d7 Ba5 37. e6 fxe6 38. fxe6 Bd8 39. e7 Nxe7 0-1

[Event "Championnat de Paris Open A"]
[Site "Paris"]
[Date "2012.07.09"]
[Round "3.50"]
[White "Preschez, Francois"]
[Black "Marek, Yves"]
[Result "1/2-1/2"]
[WhiteElo "1937"]
[BlackElo "2070"]
[PlyCount "135"]
[EventDate "2012.??.??"]

1. e4 e5 2. Nf3 Nc6 3. Bb5 Nf6 4. O-O Nxe4 5. d4 Nd6 6. Bxc6 dxc6 7. dxe5 Nf5
8. Qxd8+ Kxd8 9. Nc3 h5 10. h3 Be7 11. Bg5 Be6 12. b3 a5 13. a4 Ke8 14. Bxe7
Kxe7 15. Ne4 b6 16. Rad1 c5 17. Neg5 Rhd8 18. Nxe6 fxe6 19. Kh2 c6 20. g4 hxg4
21. hxg4 Nd4 22. Nxd4 Rxd4 23. Rxd4 cxd4 24. f4 b5 25. Ra1 b4 26. Kg3 Rd8 27.
Rd1 c5 28. f5 Rf8 29. Rf1 exf5 30. gxf5 Rd8 31. Rd1 Kd7 32. Kf4 Rh8 33. Rd2
Rh4+ 34. Kg5 Re4 35. e6+ Ke7 36. Rg2 Re3 37. Rd2 Rg3+ 38. Kf4 Rg1 39. Kf3 g6
40. fxg6 Rxg6 41. Ke4 Kxe6 42. Rh2 Kd6 43. Rf2 Re6+ 44. Kd3 Kd5 45. Rh2 Re3+
46. Kd2 Re5 47. Kd3 c4+ 48. bxc4+ Kc5 49. Rh8 Re3+ 50. Kd2 Kxc4 51. Rc8+ Kd5
52. Ra8 b3 53. Rxa5+ Kc4 54. cxb3+ Rxb3 55. Ra8 Rb2+ 56. Kc1 Ra2 57. a5 Kd3 58.
a6 Ra1+ 59. Kb2 Ra5 60. Kc1 Rc5+ 61. Kd1 Ra5 62. Kc1 Ra1+ 63. Kb2 Ra5 64. Kc1
Rc5+ 65. Kd1 Rb5 66. Kc1 Ra5 67. a7 Ra6 68. Kb2 1/2-1/2

[Event "Championnat de Paris Open A"]
[Site "Paris"]
[Date "2012.07.09"]
[Round "3.51"]
[White "Walheim, Pascal"]
[Black "Fageot, Julien"]
[Result "0-1"]
[WhiteElo "1926"]
[BlackElo "2069"]
[PlyCount "70"]
[EventDate "2012.??.??"]

1. e4 e5 2. Nf3 Nf6 3. Nxe5 d6 4. Nf3 Nxe4 5. d4 d5 6. Bd3 Bd6 7. O-O O-O 8. c4
c6 9. Nc3 Nxc3 10. bxc3 Bg4 11. cxd5 cxd5 12. Rb1 Nd7 13. h3 Bh5 14. Rb5 Nb6
15. Re1 Rc8 16. Bd2 Kh8 17. Rb3 Qc7 18. g4 Bg6 19. Bxg6 hxg6 20. Ne5 Bxe5 21.
Rxe5 f6 22. Re2 Rfe8 23. Qe1 Qd7 24. Rb1 Na4 25. Rxe8+ Rxe8 26. Qd1 b5 27. Qc2
f5 28. gxf5 gxf5 29. Re1 Rxe1+ 30. Bxe1 Qe6 31. Qd2 f4 32. Kg2 Nb6 33. Qd1 Nc4
34. Bd2 Qg6+ 35. Kf3 Qh5+ 0-1

[Event "Championnat de Paris Open A"]
[Site "Paris"]
[Date "2012.07.09"]
[Round "3.52"]
[White "Horvath, Reka"]
[Black "Swerdlin, Ryan"]
[Result "0-1"]
[WhiteElo "2067"]
[BlackElo "1943"]
[PlyCount "124"]
[EventDate "2012.??.??"]

1. Nf3 d5 2. g3 Nf6 3. Bg2 g6 4. O-O Bg7 5. d4 O-O 6. c4 c6 7. b3 b6 8. Bb2 Bb7
9. Nc3 e6 10. Rc1 Nbd7 11. cxd5 exd5 12. Nd2 c5 13. Ba3 Bc6 14. e4 dxe4 15.
dxc5 Re8 16. Re1 Bh6 17. cxb6 axb6 18. Bb2 Nc5 19. Ndxe4 Bxe4 20. Nxe4 Nfxe4
21. Ra1 f5 22. Qc2 Qd3 23. Bxe4 fxe4 24. Qc3 Qxc3 25. Bxc3 Nd3 26. Red1 Rad8
27. a4 e3 28. fxe3 Bxe3+ 29. Kg2 Nc5 30. Rdb1 Rd3 31. Bf6 Nxb3 32. Ra3 Nc5 33.
Ra2 Rd2+ 34. Rxd2 Bxd2 35. Rxb6 Nxa4 36. Rb7 Bh6 37. Bd4 Rc8 38. Kf3 Nc5 39.
Re7 Nb3 40. Be5 Nd2+ 41. Ke2 Nc4 42. Bd4 Nd6 43. g4 Re8 44. Rxe8+ Nxe8 45. Kf3
Kf7 46. h4 Bg7 47. Be3 h6 48. Bf4 Ke6 49. Bd2 Nd6 50. Bc1 Nf7 51. Bd2 Bf6 52.
Be1 Ne5+ 53. Kg3 Bxh4+ 54. Kxh4 Nf3+ 55. Kg3 Nxe1 56. Kf4 Nd3+ 57. Ke4 Ne5 58.
Kf4 g5+ 59. Kg3 Kd5 60. Kh3 Ke4 61. Kg3 Ke3 62. Kh3 Kf4 0-1

[Event "Championnat de Paris Open A"]
[Site "Paris"]
[Date "2012.07.09"]
[Round "3.53"]
[White "Stoeri, Laura"]
[Black "Inouss, Badr"]
[Result "0-1"]
[WhiteElo "2066"]
[BlackElo "1942"]
[PlyCount "54"]
[EventDate "2012.??.??"]

1. e4 c5 2. Nf3 d6 3. d4 cxd4 4. Nxd4 Nf6 5. Nc3 a6 6. Be3 e5 7. Nb3 Be6 8. f3
b5 9. Qd2 Nbd7 10. Nd5 Nxd5 11. exd5 Bf5 12. Bd3 Bxd3 13. Qxd3 Be7 14. O-O O-O
15. a4 b4 16. a5 f5 17. Rfd1 Bg5 18. Ra4 e4 19. fxe4 Ne5 20. Qd4 Bxe3+ 21. Qxe3
f4 22. Qh3 f3 23. g3 Qg5 24. Rxb4 Ng4 25. Rf1 Qe3+ 26. Kh1 Nf2+ 27. Rxf2 Qxf2
0-1

[Event "Championnat de Paris Open A"]
[Site "Paris"]
[Date "2012.07.09"]
[Round "3.54"]
[White "Contois, Frederick-Andre"]
[Black "Vicente, Marcel"]
[Result "0-1"]
[WhiteElo "1914"]
[BlackElo "2064"]
[PlyCount "114"]
[EventDate "2012.??.??"]

1. e4 d5 2. exd5 Nf6 3. Nc3 Nxd5 4. Bc4 c6 5. Qf3 e6 6. Nge2 Be7 7. d3 O-O 8.
h4 Nd7 9. Qg3 Kh8 10. Bg5 N7f6 11. Ne4 b6 12. O-O-O b5 13. Bxd5 cxd5 14. Nxf6
Bxf6 15. Nf4 Qc7 16. Qf3 Be5 17. Nh5 f6 18. d4 Bd6 19. Bf4 Bb7 20. Bxd6 Qxd6
21. Qg3 {=} 21... Qe7 22. Rhe1 Qf7 23. Nf4 e5 24. dxe5 fxe5 25. Nh3 e4 26. Rd2
Rac8 27. Ng5 Qf6 28. Kb1 h6 29. Nh3 d4 30. Red1 Rcd8 31. Qc7 Rf7 32. Qc5 d3 33.
c3 a6 34. g3 Re8 35. Qe3 b4 36. Qd4 bxc3 37. bxc3 Qc6 38. Rc1 Rd7 39. Qb4 Rd5
40. Ka1 Rb5 41. Qa3 Rc5 42. Kb2 Rb8 43. Ka1 Ba8 44. Rb2 Rcb5 45. Rxb5 Qxb5 46.
Qb3 Qe5 47. Qd1 Bd5 48. Nf4 Bf7 49. Qd2 Kg8 50. Rb1 Rc8 51. Rc1 Rc4 52. a3 Ra4
53. Qb2 Qd6 54. Kb1 Rxa3 55. c4 Qc5 56. Nd5 Ra4 57. Qb3 Qa5 0-1

[Event "Championnat de Paris Open A"]
[Site "Paris"]
[Date "2012.07.09"]
[Round "3.55"]
[White "Ferry, Roger"]
[Black "Nielsen, Morten"]
[Result "1-0"]
[WhiteElo "2062"]
[BlackElo "1937"]
[PlyCount "69"]
[EventDate "2012.??.??"]

1. d4 Nf6 2. Nf3 c5 3. dxc5 e6 4. Bf4 Bxc5 5. e3 d5 6. c3 Qe7 7. Nbd2 Nbd7 8.
Be2 e5 9. Bg5 e4 10. Nd4 Ne5 11. Bf4 O-O 12. O-O a6 13. Bg5 Ng6 14. Qb3 Qe5 15.
Bxf6 gxf6 16. c4 Qg5 17. f4 Nxf4 18. exf4 Bxd4+ 19. Kh1 Qh6 20. cxd5 f5 21. Nc4
b5 22. Ne5 Bb7 23. Rad1 Ba7 24. a4 Qd6 25. Bh5 f6 26. Qg3+ Kh8 27. Nf7+ Rxf7
28. Bxf7 bxa4 29. Qh4 e3 30. Rf3 Qe7 31. Be6 Bc8 32. Rh3 Bxe6 33. dxe6 Rc8 34.
Qh5 Bd4 35. Rxd4 1-0

[Event "Championnat de Paris Open A"]
[Site "Paris"]
[Date "2012.07.09"]
[Round "3.56"]
[White "Leblic, Mathieu"]
[Black "Lemerle, Alban"]
[Result "1/2-1/2"]
[WhiteElo "1912"]
[BlackElo "2062"]
[PlyCount "69"]
[EventDate "2012.??.??"]

1. d4 Nf6 2. Nf3 e6 3. c4 b6 4. Nc3 Bb4 5. g3 Bb7 6. Bg2 O-O 7. O-O c5 8. Qc2
cxd4 9. Nxd4 Bxg2 10. Kxg2 Qc7 11. Qd3 Nc6 12. Ndb5 Qb7 13. Kg1 a6 14. Nd6 Qc7
15. Nde4 Bxc3 16. Nxc3 Ne5 17. Qd4 Nxc4 18. Bg5 d5 19. Bxf6 gxf6 20. Qxf6 Qe5
21. Qxe5 Nxe5 22. Rfc1 Nc4 23. b3 Ne5 24. Rc2 Rfc8 25. Rac1 Rc6 26. Na4 Rxc2
27. Rxc2 b5 28. Nb2 Ra7 29. Kg2 Kf8 30. h3 Ke7 31. f4 Nd7 32. Nd3 Kd6 33. Kf3
f6 34. e4 d4 35. g4 1/2-1/2

[Event "Championnat de Paris Open A"]
[Site "Paris"]
[Date "2012.07.09"]
[Round "3.58"]
[White "Caille, Vincent"]
[Black "Ainutdinov, Alexander"]
[Result "1-0"]
[WhiteElo "1903"]
[BlackElo "2054"]
[PlyCount "101"]
[EventDate "2012.??.??"]

1. e4 e5 2. Nf3 Nc6 3. Bc4 Nf6 4. d4 exd4 5. O-O Nxe4 6. Re1 d5 7. Bxd5 Qxd5 8.
Nc3 Qa5 9. Nxe4 Be6 10. Neg5 O-O-O 11. Nxe6 fxe6 12. Rxe6 Bd6 13. Qe2 Qh5 14.
h3 Rde8 15. Kf1 Kd7 16. Rxe8 Rxe8 17. Qd3 Ne5 18. Qb5+ Kc8 19. Bf4 a6 20. Qa5
g5 21. Bxe5 g4 22. hxg4 Qh1+ 23. Ng1 Rxe5 24. Qd2 Bc5 25. Qf4 Bd6 26. Qxd4 Re8
27. Rd1 Kb8 28. g3 b6 29. Qd5 Qh2 30. Qh5 Qxh5 31. gxh5 Re5 32. g4 Kb7 33. Kg2
Ra5 34. a3 Rb5 35. b3 Bxa3 36. Rd7 h6 37. Rh7 Bc1 38. Ne2 Bd2 39. f4 Rc5 40. c4
b5 41. cxb5 Rxb5 42. Rxh6 Rxb3 43. g5 Re3 44. Kf2 Re8 45. Rf6 a5 46. g6 a4 47.
g7 a3 48. Rf8 a2 49. Rxe8 a1=Q 50. g8=Q Qe1+ 51. Kg2 1-0

[Event "Championnat de Paris Open A"]
[Site "Paris"]
[Date "2012.07.09"]
[Round "3.59"]
[White "Mano, Francois"]
[Black "Smati, Reda"]
[Result "0-1"]
[WhiteElo "1894"]
[BlackElo "2049"]
[PlyCount "82"]
[EventDate "2012.??.??"]

1. e4 c5 2. Nf3 Nc6 3. d4 cxd4 4. Nxd4 g6 5. Nc3 Bg7 6. Be3 Nf6 7. Be2 O-O 8.
O-O d5 9. Nxc6 bxc6 10. exd5 Nxd5 11. Nxd5 cxd5 12. c3 e5 13. Bb5 d4 14. cxd4
exd4 15. Bf4 Bb7 16. Bd3 Qf6 17. Bg3 Bd5 18. b4 Rfc8 19. a4 Rc3 20. Re1 Qc6 21.
Bb5 Qb7 22. f3 a6 23. Bd3 Qxb4 24. Be4 Bxe4 25. Rxe4 Qc4 26. Bf2 Rd8 27. h3 Rc2
28. a5 h5 29. Rb1 Qa2 30. Ra1 Qb2 31. Rb1 Qc3 32. Be1 Qc4 33. Rb4 Qc5 34. Qd3
Rc1 35. Rb7 Qxa5 36. Kf2 Qa2+ 37. Re2 Qc4 38. Qa3 Rc2 39. Rbe7 d3 40. Rd2 Bd4+
41. Kf1 Bc5 0-1

[Event "Championnat de Paris Open A"]
[Site "Paris"]
[Date "2012.07.09"]
[Round "3.60"]
[White "Dag, Bekhir"]
[Black "Aflalo, Sophie"]
[Result "0-1"]
[WhiteElo "1886"]
[BlackElo "2046"]
[PlyCount "80"]
[EventDate "2012.??.??"]

1. Nf3 g6 2. d4 d6 3. Bg5 Bg7 4. c3 Nf6 5. Nbd2 O-O 6. e3 Nbd7 7. Bd3 e5 8. Bc4
Qe8 9. dxe5 Nxe5 10. Nxe5 Qxe5 11. Nf3 Qc5 12. Qd4 Nd7 13. Qd5 Qxd5 14. Bxd5
Nb6 15. Bb3 a5 16. a4 Re8 17. O-O h6 18. Bf4 Be6 19. Bxe6 fxe6 20. Bg3 e5 21.
e4 Nd7 22. Nd2 Nc5 23. b4 axb4 24. cxb4 Nxa4 25. Ra3 Nb6 26. Rc3 c6 27. Rc2 Ra4
28. Rb1 Rea8 29. f3 Ra1 30. Rcc1 Rxb1 31. Rxb1 Kf7 32. Bf2 Ra2 33. Nb3 Na4 34.
Rc1 Rb2 35. Na5 Rxb4 36. g4 Bf6 37. Kg2 Ke6 38. Kg3 Bd8 39. Nc4 b5 40. Be1 Rxc4
0-1

[Event "Championnat de Paris Open A"]
[Site "Paris"]
[Date "2012.07.09"]
[Round "3.61"]
[White "Jamain, Florian"]
[Black "Jaulin, Marc"]
[Result "0-1"]
[WhiteElo "1883"]
[BlackElo "2046"]
[PlyCount "86"]
[EventDate "2012.??.??"]

1. e4 c5 2. Nf3 g6 3. d4 cxd4 4. Nxd4 Nc6 5. Bc4 Bg7 6. Be3 Nf6 7. Nc3 O-O 8.
Bb3 d6 9. f3 Bd7 10. Qd2 Nxd4 11. Bxd4 b5 12. O-O-O a5 13. Nd5 Nxd5 14. Bxd5
Rc8 15. a3 Qc7 16. Bxg7 Kxg7 17. c3 b4 18. axb4 axb4 19. Qd4+ Kg8 20. Qxb4 Rb8
21. Qc4 Qb6 22. Qa2 e6 23. Bc4 Rfc8 24. Bd3 Ra8 25. Qb1 Qe3+ 26. Rd2 {=} 26...
Ra7 27. Kd1 Rca8 28. Re1 Qf4 29. Ke2 Qxh2 30. Kf2 Qh4+ 31. Ke2 Qg3 32. Kf1 Qf4
33. Qd1 h5 34. Qe2 Kg7 35. Red1 h4 36. Bb5 Bxb5 37. Qxb5 h3 38. Kf2 hxg2 39.
Kxg2 Rh8 40. Rd3 Rh2+ 41. Kf1 Qg3 42. R3d2 Qxf3+ 43. Ke1 Rh1+ 0-1

[Event "Championnat de Paris Open A"]
[Site "Paris"]
[Date "2012.07.09"]
[Round "3.62"]
[White "Lepot, Simon"]
[Black "Bonvalot, Isabelle"]
[Result "1-0"]
[WhiteElo "2037"]
[BlackElo "1935"]
[PlyCount "42"]
[EventDate "2012.??.??"]

1. e4 g6 2. d4 Bg7 3. Nc3 d6 4. Be3 a6 5. a4 Nc6 6. h3 Nf6 7. Nf3 O-O 8. Be2 e5
9. dxe5 dxe5 10. Bc4 Qe7 11. O-O Rd8 12. Nd5 Nxd5 13. exd5 Qb4 14. Bb3 Na5 15.
Bd2 Qc5 16. Bxa5 Qxa5 17. Re1 c6 18. d6 h6 19. Nh4 Qc5 20. Qf3 Rxd6 21. Qxf7+
Kh7 1-0

[Event "Championnat de Paris Open A"]
[Site "Paris"]
[Date "2012.07.09"]
[Round "3.63"]
[White "Parant, Pascal"]
[Black "Selvi, Laurent"]
[Result "1/2-1/2"]
[WhiteElo "1878"]
[BlackElo "2036"]
[PlyCount "65"]
[EventDate "2012.??.??"]

1. d4 Nf6 2. c4 e6 3. Nf3 Bb4+ 4. Bd2 Qe7 5. g3 Nc6 6. Bg2 Bxd2+ 7. Nbxd2 O-O
8. O-O d6 9. e3 e5 10. d5 Nb8 11. Qc2 a5 12. b3 Na6 13. a3 Bd7 14. Ng5 b6 15.
Rab1 h6 16. Nge4 Nxe4 17. Nxe4 Bf5 18. b4 Nb8 19. Ra1 Nd7 20. Rfc1 g6 21. f3
Ra7 22. Rf1 h5 23. Qf2 axb4 24. axb4 Rfa8 25. Qb2 Qe8 26. Nc3 Bd3 27. Rxa7 Rxa7
28. Ra1 Rxa1+ 29. Qxa1 Bxc4 30. Bf1 Bxf1 31. Kxf1 Qb8 32. Qa6 Kg7 33. Nb5 {=}
1/2-1/2

[Event "Championnat de Paris Open A"]
[Site "Paris"]
[Date "2012.07.09"]
[Round "3.65"]
[White "Derieux, Christian"]
[Black "Hauseux, Philippe"]
[Result "0-1"]
[WhiteElo "2027"]
[BlackElo "1923"]
[PlyCount "72"]
[EventDate "2012.??.??"]

1. d4 d5 2. c4 c6 3. Nf3 Nf6 4. Nc3 dxc4 5. a4 Bf5 6. Ne5 e6 7. g3 Bb4 8. Bg2
Ne4 9. Bxe4 Bxe4 10. O-O Bg6 11. Nxc4 O-O 12. a5 Na6 13. Be3 Qe7 14. Na2 Rfd8
15. Qb3 Be4 16. f3 Bd5 17. Bf2 Bxa5 18. e4 Bxc4 19. Qxc4 Bb6 20. Rad1 Rd7 21.
f4 Rad8 22. b4 Nc7 23. Nc3 Nb5 24. Nxb5 cxb5 25. Qxb5 Bxd4 26. Bxd4 Rxd4 27.
Rxd4 Rxd4 28. Rc1 h6 29. Qe5 Qxb4 30. Rc8+ Kh7 31. Qb8 Qb2 32. Rh8+ Kg6 33. f5+
Kf6 34. Rxh6+ gxh6 35. Qh8+ Ke7 36. f6+ Kd7 0-1

[Event "Championnat de Paris Open A"]
[Site "Paris"]
[Date "2012.07.09"]
[Round "3.66"]
[White "Stark, Gabriel"]
[Black "Massip, Julien"]
[Result "1-0"]
[WhiteElo "1837"]
[BlackElo "2022"]
[PlyCount "75"]
[EventDate "2012.??.??"]

1. d4 Nf6 2. c4 e6 3. Nf3 b6 4. Nc3 Bb7 5. Bg5 Be7 6. e3 d5 7. Bd3 O-O 8. O-O
Nbd7 9. Nd2 e5 10. f4 exd4 11. exd4 dxc4 12. Nxc4 h6 13. Bxf6 Nxf6 14. Kh1 b5
15. Nxb5 Bxg2+ 16. Kxg2 Qd5+ 17. Rf3 Qxb5 18. b3 Rad8 19. Ne3 Qh5 20. Nf5 Nd5
21. Kh1 Bf6 22. Qf1 Bh4 23. Rh3 g5 24. Rxh4 gxh4 25. Qg2+ Qg6 26. Nxh6+ Kh7 27.
Bxg6+ fxg6 28. Qg5 Nxf4 29. Rf1 Nd5 30. Rxf8 Rxf8 31. Qxd5 Kxh6 32. Kg2 Rf5 33.
Qd8 Kh5 34. Qxc7 a5 35. a3 Rg5+ 36. Kh3 Kh6 37. Qf4 a4 38. b4 1-0

[Event "Championnat de Paris Open A"]
[Site "Paris"]
[Date "2012.07.09"]
[Round "3.67"]
[White "Hoarau, Adrien"]
[Black "Sebag, Joel"]
[Result "1-0"]
[WhiteElo "2019"]
[BlackElo "1899"]
[PlyCount "113"]
[EventDate "2012.??.??"]

1. e4 c5 2. Nf3 e6 3. d4 cxd4 4. Nxd4 Nf6 5. Bd3 Qb6 6. Nb3 Bb4+ 7. c3 Be7 8.
O-O Nc6 9. Be3 Qc7 10. N1d2 Ne5 11. Be2 h5 12. f4 Nfg4 13. Bd4 Nc6 14. Bxg4
hxg4 15. Qxg4 Bf8 16. h3 b6 17. Bxg7 Rg8 18. Be5 Rxg4 19. Bxc7 Rg8 20. Nc4 Ba6
21. Nbd2 d5 22. exd5 exd5 23. Rfe1+ Kd7 24. Nxb6+ axb6 25. Bxb6 Rb8 26. Bf2
Rxb2 27. Nb3 Bd6 28. g4 Bc4 29. Rab1 Rxb1 30. Rxb1 Bxf4 31. a4 f5 32. Nc5+ Kc8
33. Ne6 Bd2 34. Rb6 Ne5 35. Bg3 Bxc3 36. g5 Ba5 37. Rb2 Nd7 38. h4 Bc3 39. Rb1
Re8 40. Nf4 Bd4+ 41. Kg2 Re4 42. Re1 Be3 43. g6 d4 44. g7 Bxf4 45. Rxe4 fxe4
46. Bxf4 Kd8 47. a5 Ke7 48. a6 Kf7 49. a7 Bd5 50. Bh6 Kg6 51. a8=Q Bxa8 52.
g8=Q+ Kxh6 53. Qxa8 Nf6 54. Qd8 Kg6 55. Qxd4 Kf5 56. Qc5+ Kf4 57. Qg5# 1-0